| 000 | 00703nam a22001937a 4500 | ||
|---|---|---|---|
| 005 | 20231122122246.0 | ||
| 010 | _aENG-138425 | ||
| 020 |
_c700.00 _a9789381841648 |
||
| 035 | _aEN-121957 | ||
| 037 | _bDBAD/PUB | ||
| 082 | _a158.1 | ||
| 100 |
_aMurphy, Joseph _958956 |
||
| 245 |
_aThe Power of Your Subconscious Mind/ _cBy Joseph Murphy |
||
| 260 |
_aNew Delhi _bGrapewine India Publishers Pvt Ltd _c2015 |
||
| 270 |
_aPlot No 4, First Floor, Opposite Shadipur Metro Station, Payel Nagar _bNew Delhi _e110008 _mgrapewineindiapublishers@gmail.com |
||
| 300 |
_a259p. _c20cm(pbk) |
||
| 500 | _aOne of the Most Powerful Self Help Guides Ever Written | ||
| 942 |
_2ddc _cEN _h158.1 _mMUR |
||
| 999 |
_c199176 _d199176 |
||